Estadísticas para Los fichajes más caros del fútbol - Defensas centrales

Haz click aquí para intentar la prueba.

Estadísticas generales

  • Esta prueba ha sido intentada 31 veces
  • La puntuación promedio es 9 de 10

Estadísticas de respuestas

Coste (M €)TemporadaNacionalidadÚltimo clubNuevo clubJugador% Correcto
65,002017-2018Francia / EspañaAthleticManchester CityAymeric Laporte
97%
90,002023-2024CroaciaRB LeipzigManchester CityJosko Gvardiol
97%
85,502019-2020Países BajosAjaxJuventusMatthijs de Ligt
93%
67,002022-2023Países BajosJuventusBayern MúnichMatthijs de Ligt
93%
71,602020-2021PortugalBenficaManchester CityRúben Dias
93%
84,652017-2018Países BajosSouthamptonLiverpoolVirgil van Dijk
93%
87,002019-2020InglaterraLeicester CityManchester UnitedHarry Maguire
87%
57,372022-2023ArgentinaAjaxManchester UnitedLisandro Martínez
87%
80,402022-2023FranciaLeicester CityChelseaWesley Fofana
83%
55,602016-2017InglaterraEvertonManchester CityJohn Stones
77%

Distribución de puntuación

Porcentaje por número respondido

Porcentaje de gente con cada puntuación

Historial de tus puntuaciones

No has intentado esta prueba.